Návrh, simulácia a realizácia aktívnych klapiek zadného krídla monopostu Formula Student

Na minha lista:
Detalhes bibliográficos
Autor principal: Kulina, Adam (Author)
Outros Autores: Habara, Marek (Thesis advisor)
Formato: Manuscrito Livro
Idioma:eslovaco
Publicado em: 2025
Assuntos:
Acesso em linha:http://is.stuba.sk/zp/portal_zp.pl?podrobnosti=177015
Tags: Adicionar Tag
Sem tags, seja o primeiro a adicionar uma tag!

MARC

LEADER 00000ntm a22000003a 4500
001 stuzp102590
003 SK-STU
005 20250628210610.3
007 ta
008 150427s2015----xo-----f-mn---000-0-slo-d
040 |a STU  |b slo 
041 0 |a slo 
100 1 |a Kulina, Adam  |u 020020  |4 aut  |U SjF Strojnícka fakulta  |T SjF Ústav automatizácie, informatizácie a merania  |X 122059  |U J0020  |Y 802  |7 122059 
242 0 1 |a Design, simulation, and implementation of active flaps for the rear wing of a Formula Student race car  |y eng 
245 1 0 |a Návrh, simulácia a realizácia aktívnych klapiek zadného krídla monopostu Formula Student 
260 |c 2025 
650 4 |a aktívna aerodynamika  |2 slo 
650 4 |a simulácie  |2 slo 
650 4 |a Formula Student  |2 slo 
650 4 |a servomotor  |2 slo 
650 4 |a klapka  |2 slo 
650 4 |a Formula Student  |2 eng 
650 4 |a servomotor  |2 eng 
650 4 |a flap  |2 eng 
650 4 |a active aerodynamics  |2 eng 
650 4 |a simulation  |2 eng 
700 1 |a Habara, Marek  |u 020020  |k Z3  |4 ths  |U SjF Strojnícka fakulta  |T SjF Ústav automatizácie, informatizácie a merania  |X 87297  |U J0020  |Y 802  |7 87297 
856 4 |u http://is.stuba.sk/zp/portal_zp.pl?podrobnosti=177015